MARC
| LEADER | 00000nam a2200000 a 4500 | ||
|---|---|---|---|
| 001 | UCR6111 | ||
| 003 | CL-VaPUC | ||
| 008 | 980420e19850000CL |||||||||||||||||spa|d | ||
| 082 | 0 | 4 | |a P869.01 |b CAE |2 21 |
| 100 | 0 | |a Caeiro, Alberto |e author |9 407275 | |
| 245 | 1 | 0 | |a Poemas inconjuntos y otros poemas |
| 300 | |a 85 p | ||
| 942 | |c BK | ||
| 945 | |d 19980420 00:00:00 |a rbrito | ||
| 260 | |a Santiago |b Dolmen |c 1985 | ||
| 650 | 0 | |a Poesías portuguesas |9 268079 | |
| 583 | |a last modification |c 19980420 00:00:00 |k Rodrigo Vera | ||
| 999 | |c 268417 |d 268415 | ||